[Event "Edmonton Summer op"]
[Site "Edmonton CAN"]
[Date "2009.06.04"]
[Round "1"]
[White "Wihnon, Jason"]
[Black "Zeggelaar, Mike"]
[Result "1/2-1/2"]
[WhiteElo "1800"]
[BlackElo "1762"]
[PlyCount "88"]
[GameId "2160767910156503"]
[EventDate "2009.06.04"]
[EventType "swiss"]
[EventRounds "5"]
[EventCountry "CAN"]
[SourceTitle "EXT 2011"]
[Source "ChessBase"]
[SourceDate "2011.11.26"]
[SourceVersion "1"]
[SourceVersionDate "2011.11.26"]
[SourceQuality "1"]

1. e4 e6 2. d4 d5 3. Nd2 Nf6 4. e5 Nfd7 5. f4 c5 6. c3 Nc6 7. Ngf3 Be7 8. Bd3 cxd4 9. cxd4 Qb6 10. Nb3 f6 11. O-O a5 12. a4 O-O 13. Kh1 Nb4 14. Bb5 Qd8 15. Bd2 b6 16. Bxb4 Bxb4 17. Qd3 fxe5 18. fxe5 Rf5 19. Rf2 Nf8 20. Raf1 Ng6 21. Qe3 Ba6 22. Bxa6 Rxa6 23. Ng1 Rxf2 24. Qxf2 Ra7 25. Nf3 Rf7 26. Rc1 Qe8 27. Qc2 Qf8 28. Qc8 Ne7 29. Qxe6 Kh8 30. Kg1 h6 31. Qxb6 Rxf3 32. gxf3 Qxf3 33. Rf1 Qe3+ 34. Kg2 Qxb3 35. Qd8+ Ng8 36. Rf2 Be7 37. Qxa5 Bh4 38. Re2 Qd3 39. Qd2 Qg6+ 40. Kh1 Qb1+ 41. Kg2 Qg6+ 42. Kf1 Qb1+ 43. Kg2 Qg6+ 44. Kf1 Qb1+ 1/2-1/2

[Event "Edmonton Summer op"]
[Site "Edmonton CAN"]
[Date "2009.06.04"]
[Round "1"]
[White "Yamach, Ahmet"]
[Black "Hughey, Micah"]
[Result "0-1"]
[WhiteElo "1895"]
[BlackElo "2183"]
[PlyCount "56"]
[GameId "2160767910156504"]
[EventDate "2009.06.04"]
[EventType "swiss"]
[EventRounds "5"]
[EventCountry "CAN"]
[SourceTitle "EXT 2011"]
[Source "ChessBase"]
[SourceDate "2011.11.26"]
[SourceVersion "1"]
[SourceVersionDate "2011.11.26"]
[SourceQuality "1"]

1. c4 c5 2. g3 e6 3. Bg2 Nc6 4. Nc3 Nf6 5. e4 Be7 6. Nge2 O-O 7. O-O a6 8. d3 Rb8 9. a4 b6 10. f4 Bb7 11. b3 Nb4 12. Bb2 d5 13. cxd5 exd5 14. e5 Ng4 15. Qd2 d4 16. Ne4 Ne3 17. Rfc1 Nxg2 18. Kxg2 Qd5 19. Qd1 Nxd3 20. Qxd3 Qxe4+ 21. Qxe4 Bxe4+ 22. Kf2 a5 23. Ba3 Rfd8 24. Ra2 f6 25. exf6 Bxf6 26. Rd2 Re8 27. g4 g5 28. f5 d3 0-1

[Event "Edmonton Summer op"]
[Site "Edmonton CAN"]
[Date "2009.06.11"]
[Round "2"]
[White "Huang, Zhonglin"]
[Black "MacLeod, Damon"]
[Result "1-0"]
[WhiteElo "1381"]
[BlackElo "1850"]
[PlyCount "111"]
[GameId "2160767910156505"]
[EventDate "2009.06.04"]
[EventType "swiss"]
[EventRounds "5"]
[EventCountry "CAN"]
[SourceTitle "EXT 2011"]
[Source "ChessBase"]
[SourceDate "2011.11.26"]
[SourceVersion "1"]
[SourceVersionDate "2011.11.26"]
[SourceQuality "1"]

1. e4 e5 2. Nf3 Nc6 3. Bb5 Nf6 4. O-O Nxe4 5. Re1 Nd6 6. Nxe5 Nxe5 7. Rxe5+ Be7 8. Ba4 O-O 9. d4 Bf6 10. Re1 Nf5 11. d5 d6 12. c4 Be5 13. Nc3 Qh4 14. h3 Qxc4 15. Re4 Qc5 16. Qd3 Bg3 17. Qf3 Be5 18. Bf4 Bxc3 19. Qxc3 Qxd5 20. Bc2 Be6 21. Rd1 Qc6 22. Qxc6 bxc6 23. Ra4 Rfb8 24. b3 a6 25. Rc1 Rb6 26. g4 Ne7 27. Be3 c5 28. Bd3 Nc6 29. Be4 Rab8 30. Rd1 Ne7 31. Bf3 Ng6 32. Be2 Bc8 33. Rd3 Ne5 34. Rc3 Rb4 35. Rxb4 Rxb4 36. a3 Rb8 37. b4 cxb4 38. axb4 Rxb4 39. Rxc7 Bb7 40. f4 Ng6 41. Rc4 Rxc4 42. Bxc4 Kf8 43. Kf2 Ke7 44. Kg3 d5 45. Bd3 Kd6 46. Bd4 f6 47. g5 fxg5 48. fxg5 Ne5 49. Bxh7 g6 50. Bxe5+ Kxe5 51. Bxg6 d4 52. Bd3 a5 53. Kf2 Be4 54. Bxe4 Kxe4 55. g6 d3 56. Ke1 1-0

[Event "Edmonton Summer op"]
[Site "Edmonton CAN"]
[Date "2009.06.11"]
[Round "2"]
[White "Hughey, Micah"]
[Black "Kalisvaart, Peter"]
[Result "0-1"]
[WhiteElo "2183"]
[BlackElo "2103"]
[PlyCount "76"]
[GameId "2160767910156506"]
[EventDate "2009.06.04"]
[EventType "swiss"]
[EventRounds "5"]
[EventCountry "CAN"]
[SourceTitle "EXT 2011"]
[Source "ChessBase"]
[SourceDate "2011.11.26"]
[SourceVersion "1"]
[SourceVersionDate "2011.11.26"]
[SourceQuality "1"]

1. e4 e5 2. Nf3 Nc6 3. Bb5 a6 4. Ba4 Nf6 5. O-O Be7 6. Re1 b5 7. Bb3 d6 8. c3 O-O 9. h3 a5 10. a4 b4 11. d4 Bb7 12. d5 Nb8 13. cxb4 axb4 14. Bd2 c5 15. dxc6 Nxc6 16. Bd5 Qa5 17. Qb3 Rab8 18. Na3 Nxd5 19. exd5 Na7 20. Nb5 Nxb5 21. Bxb4 Bxd5 22. Bxa5 Bxb3 23. axb5 Rxb5 24. Bc3 Rb7 25. Nd2 Be6 26. Ra4 h5 27. Rea1 g5 28. Ra7 Rfb8 29. b4 Kf8 30. R7a5 g4 31. hxg4 hxg4 32. f3 Bd8 33. Ra6 Bb6+ 34. Kh2 f5 35. fxg4 f4 36. g3 Rh7+ 37. Kg2 Bd5+ 38. Kf1 fxg3 0-1

[Event "Edmonton Summer op"]
[Site "Edmonton CAN"]
[Date "2009.06.11"]
[Round "2"]
[White "Merkowsky, Mark"]
[Black "De Jong, Werner"]
[Result "0-1"]
[WhiteElo "1196"]
[BlackElo "1800"]
[PlyCount "40"]
[GameId "2160767910156507"]
[EventDate "2009.06.04"]
[EventType "swiss"]
[EventRounds "5"]
[EventCountry "CAN"]
[SourceTitle "EXT 2011"]
[Source "ChessBase"]
[SourceDate "2011.11.26"]
[SourceVersion "1"]
[SourceVersionDate "2011.11.26"]
[SourceQuality "1"]

1. d4 f5 2. Nf3 Nf6 3. c4 e6 4. e3 d5 5. a3 a5 6. Nc3 c6 7. Ne5 Bd6 8. Qh5+ Nxh5 9. f4 Qh4+ 10. Kd2 Bxe5 11. dxe5 dxc4 12. Bxc4 Qf2+ 13. Kd3 O-O 14. Bd2 Rd8+ 15. Bd5 cxd5 16. Raf1 Qxg2 17. Nd1 Qe4+ 18. Ke2 d4 19. Rf3 dxe3 20. Nxe3 Nxf4+ 0-1

[Event "Edmonton Summer op"]
[Site "Edmonton CAN"]
[Date "2009.06.11"]
[Round "2"]
[White "Pedersen, Rick"]
[Black "Wihnon, Jason"]
[Result "1-0"]
[WhiteElo "2082"]
[BlackElo "1800"]
[PlyCount "81"]
[GameId "2160767910156508"]
[EventDate "2009.06.04"]
[EventType "swiss"]
[EventRounds "5"]
[EventCountry "CAN"]
[SourceTitle "EXT 2011"]
[Source "ChessBase"]
[SourceDate "2011.11.26"]
[SourceVersion "1"]
[SourceVersionDate "2011.11.26"]
[SourceQuality "1"]

1. e4 c5 2. Nf3 d6 3. d4 cxd4 4. Nxd4 Nf6 5. Nc3 g6 6. Bc4 Bg7 7. O-O O-O 8. Bb3 Nc6 9. Nxc6 bxc6 10. Qf3 Qc7 11. Re1 e5 12. Bg5 Ne8 13. Rad1 Be6 14. Qe3 Nf6 15. f3 Rfd8 16. Qf2 h6 17. Bxf6 Bxf6 18. Rd3 Bxb3 19. axb3 Qa5 20. Red1 Be7 21. Kh1 Rd7 22. f4 f6 23. Rh3 Bf8 24. Rf1 exf4 25. Qxf4 Rf7 26. Qg4 Qg5 27. Qe6 Kg7 28. Rhf3 Be7 29. Qc4 Rc8 30. Rg3 Qe5 31. Nd5 Qe6 32. Rxg6+ Kh7 33. Nxf6+ Rxf6 34. Rfxf6 Qxc4 35. Rxh6+ Kg7 36. Rfg6+ Kf7 37. bxc4 c5 38. h4 Bxh4 39. Rxd6 Bg5 40. Rh7+ Kg8 41. Rxa7 1-0

[Event "Edmonton Summer op"]
[Site "Edmonton CAN"]
[Date "2009.06.11"]
[Round "2"]
[White "Seehagen, Terry"]
[Black "Yamach, Ahmet"]
[Result "0-1"]
[WhiteElo "1749"]
[BlackElo "1895"]
[PlyCount "72"]
[GameId "2160767910156510"]
[EventDate "2009.06.04"]
[EventType "swiss"]
[EventRounds "5"]
[EventCountry "CAN"]
[SourceTitle "EXT 2011"]
[Source "ChessBase"]
[SourceDate "2011.11.26"]
[SourceVersion "1"]
[SourceVersionDate "2011.11.26"]
[SourceQuality "1"]

1. e4 c6 2. d4 d5 3. Nc3 dxe4 4. Nxe4 Bf5 5. Ng3 Bg6 6. Nh3 e6 7. Nf4 Bd6 8. Nxg6 hxg6 9. Ne4 Be7 10. Bf4 Nf6 11. Nxf6+ gxf6 12. h3 Bd6 13. Qf3 Bxf4 14. Qxf4 g5 15. Qe3 Nd7 16. f4 g4 17. f5 Qe7 18. O-O-O O-O-O 19. d5 cxd5 20. Qxa7 gxh3 21. Rd3 d4 22. Rxd4 Ne5 23. Rxd8+ Qxd8 24. gxh3 Nc6 25. Qc5 Qd4 26. Qxd4 Nxd4 27. Bd3 e5 28. c3 Nc6 29. Bc4 Rh7 30. Bd5 Ne7 31. Be4 Kc7 32. h4 Rh5 33. Kd2 b6 34. Kd3 Nc8 35. Kc4 Nd6+ 36. Kd5 Rh8 0-1

[Event "Edmonton Summer op"]
[Site "Edmonton CAN"]
[Date "2009.06.11"]
[Round "2"]
[White "Sequillion, Aaron"]
[Black "Gardner, Robert"]
[Result "1/2-1/2"]
[WhiteElo "2117"]
[BlackElo "2272"]
[PlyCount "127"]
[GameId "2160767910156511"]
[EventDate "2009.06.04"]
[EventType "swiss"]
[EventRounds "5"]
[EventCountry "CAN"]
[SourceTitle "EXT 2011"]
[Source "ChessBase"]
[SourceDate "2011.11.26"]
[SourceVersion "1"]
[SourceVersionDate "2011.11.26"]
[SourceQuality "1"]

1. e4 d6 2. d4 Nf6 3. Nc3 g6 4. Be3 a6 5. a4 b6 6. Bd3 Bb7 7. Nf3 Nbd7 8. O-O Bg7 9. Qd2 O-O 10. Bh6 c5 11. Bxg7 Kxg7 12. e5 dxe5 13. dxe5 Ng4 14. e6 Bxf3 15. gxf3 Nde5 16. Qe2 Nxd3 17. fxg4 Nb4 18. Rad1 Qc8 19. exf7 Rxf7 20. Nd5 Nxd5 21. Rxd5 Qc6 22. Re5 Qxa4 23. Rxe7 Raf8 24. Rxf7+ Rxf7 25. Qe5+ Kg8 26. h3 Qf4 27. Qe6 Qf3 28. Qe8+ Kg7 29. Qe5+ Kh6 30. Kh2 Qf4+ 31. Qxf4+ Rxf4 32. Kg3 Rb4 33. b3 c4 34. bxc4 Rxc4 35. Ra1 a5 36. Rb1 Rc6 37. c4 Kg5 38. f4+ Kf6 39. Kf3 Ke6 40. h4 Kd6 41. Rb5 Kc7 42. Re5 Rxc4 43. Re7+ Kb8 44. Rxh7 a4 45. h5 gxh5 46. Rxh5 a3 47. Rh2 b5 48. g5 Ra4 49. g6 Ra7 50. f5 Rg7 51. Ra2 b4 52. Kf4 b3 53. Rxa3 b2 54. Rb3+ Rb7 55. Rxb2 Rxb2 56. f6 Kc7 57. Kg5 Kd6 58. Kh6 Rf2 59. Kg7 Ke6 60. f7 Ke7 61. Kg8 Rf6 62. Kg7 Rxg6+ 63. Kxg6 Kf8 64. Kf6 1/2-1/2

[Event "Edmonton Summer op"]
[Site "Edmonton CAN"]
[Date "2009.06.11"]
[Round "2"]
[White "Sponga, George"]
[Black "Mendryk, Wayne"]
[Result "1-0"]
[WhiteElo "1690"]
[BlackElo "1438"]
[PlyCount "153"]
[GameId "2160767910156512"]
[EventDate "2009.06.04"]
[EventType "swiss"]
[EventRounds "5"]
[EventCountry "CAN"]
[SourceTitle "EXT 2011"]
[Source "ChessBase"]
[SourceDate "2011.11.26"]
[SourceVersion "1"]
[SourceVersionDate "2011.11.26"]
[SourceQuality "1"]

1. f4 d5 2. e3 Nf6 3. Nf3 Bg4 4. Be2 Nbd7 5. c3 e6 6. d3 c5 7. O-O Be7 8. Bd2 O-O 9. Ne5 Bxe2 10. Qxe2 h6 11. Be1 Nh7 12. Qg4 Ndf6 13. Qf3 g6 14. Qh3 Kg7 15. Rf3 d4 16. cxd4 cxd4 17. e4 Rc8 18. Bd2 Rc2 19. Rg3 Qc7 20. Nf3 Rc8 21. e5 Rc1+ 22. Kf2 Qc2 23. exf6+ Bxf6 24. Na3 Qxb2 25. Rxc1 Rxc1 26. Nc4 Qxa2 27. f5 Ng5 28. Rxg5 Bxg5 29. Nxg5 hxg5 30. fxe6 fxe6 31. Qxe6 Rxc4 32. Qe7+ Kg8 33. Qxg5 Rc6 34. Kg3 Rf6 35. Qxf6 Qxd2 36. Qxg6+ Kf8 37. Qf6+ Kg8 38. Qxd4 Qg5+ 39. Kf3 Qf5+ 40. Ke2 Qh5+ 41. Kf2 Qxh2 42. Qd5+ Kf8 43. Qxb7 Qf4+ 44. Ke2 Qg4+ 45. Kd2 Qf4+ 46. Kc3 Qc1+ 47. Kd4 Qf4+ 48. Kc5 Qe3+ 49. d4 Qc1+ 50. Kd6 Qf4+ 51. Kc6 Qe4+ 52. d5 Qc2+ 53. Kd6 Qg6+ 54. Ke5 Qg3+ 55. Kd4 Qf2+ 56. Kc4 Qc2+ 57. Kb5 Qb3+ 58. Kc6 Qc4+ 59. Kd6 Qf4+ 60. Ke6 Qe4+ 61. Kf6 Qf4+ 62. Ke6 Qe4+ 63. Kd6 Qf4+ 64. Kd7 Qf7+ 65. Kc8 Qe8+ 66. Kc7 Qe7+ 67. Kb8 Qd6+ 68. Kxa7 Qc5+ 69. Ka6 Qa3+ 70. Kb5 Qb3+ 71. Kc6 Qc4+ 72. Kd7 Qg4+ 73. Kc7 Qc4+ 74. Qc6 Qf4+ 75. d6 Qf7+ 76. d7 Qf4+ 77. Qd6+ 1-0

[Event "Edmonton Summer op"]
[Site "Edmonton CAN"]
[Date "2009.06.11"]
[Round "2"]
[White "Zeggelaar, Mike"]
[Black "Espejel, Abner"]
[Result "1-0"]
[WhiteElo "1762"]
[BlackElo "1144"]
[PlyCount "101"]
[GameId "2160767910156513"]
[EventDate "2009.06.04"]
[EventType "swiss"]
[EventRounds "5"]
[EventCountry "CAN"]
[SourceTitle "EXT 2011"]
[Source "ChessBase"]
[SourceDate "2011.11.26"]
[SourceVersion "1"]
[SourceVersionDate "2011.11.26"]
[SourceQuality "1"]

1. e4 d5 2. exd5 Qxd5 3. Nc3 Qa5 4. b4 Qb6 5. Bc4 Nf6 6. Nf3 Be6 7. Qe2 Bxc4 8. Qxc4 e6 9. Rb1 Bd6 10. Qb5+ Nbd7 11. O-O O-O 12. a4 c6 13. Qe2 Qc7 14. b5 c5 15. d3 Nb6 16. Bg5 Nbd5 17. Bxf6 Nxf6 18. Ne4 Nxe4 19. dxe4 Rad8 20. c4 Rd7 21. e5 Be7 22. Rfd1 Rfd8 23. Rxd7 Rxd7 24. Rd1 Qd8 25. Rxd7 Qxd7 26. Qd2 Qxd2 27. Nxd2 Bg5 28. Ne4 Be7 29. Kf1 f5 30. Nc3 Bd8 31. f4 Kf7 32. Ke2 Kg6 33. Kf3 h5 34. h3 h4 35. Ne2 Kh5 36. g4+ hxg3 37. Kxg3 g5 38. fxg5 Kxg5 39. Nf4 Bb6 40. Nxe6+ Kg6 41. Kf4 a6 42. Ng5 axb5 43. axb5 Bc7 44. Nf3 b6 45. Nh4+ Kf7 46. Kxf5 Bd8 47. e6+ Ke7 48. Ng6+ Kd6 49. e7 Bxe7 50. Nxe7 Kxe7 51. h4 1-0

[Event "Edmonton ch"]
[Site "Edmonton CAN"]
[Date "2009.01.08"]
[Round "1.1"]
[White "Hughey, Micah"]
[Black "Amasaib, Magdi"]
[Result "1-0"]
[WhiteElo "2190"]
[BlackElo "1840"]
[PlyCount "67"]
[GameId "2160767910273335"]
[EventDate "2009.01.08"]
[EventType "k.o."]
[EventRounds "4"]
[EventCountry "CAN"]

1. e4 e5 2. Nf3 Nc6 3. Bc4 Bc5 4. b4 Bxb4 5. c3 Bc5 6. d4 exd4 7. O-O Nge7 8. cxd4 Bb6 9. Ng5 d5 10. exd5 Na5 11. d6 Nxc4 12. dxe7 Qxd4 13. Nd2 Bg4 14. Qa4+ c6 15. Nxc4 Be2 16. Nxb6 Qxa4 17. Nxa4 Bxf1 18. Kxf1 Kxe7 19. Ba3+ Kf6 20. Ne4+ Ke5 21. Re1 Kd5 22. Nd6 b5 23. Rd1+ Ke6 24. Nc5+ Kf6 25. Nce4+ Kg6 26. Rc1 a5 27. Rxc6 b4 28. Bb2 f6 29. f4 h6 30. f5+ Kh7 31. Rc7 Rhf8 32. Nxf6+ Kh8 33. Ng4 Rfb8 34. Rxg7 1-0

[Event "Edmonton ch"]
[Site "Edmonton CAN"]
[Date "2009.01.08"]
[Round "1.1"]
[White "Lynn, Jim"]
[Black "Regimbald, Adrien"]
[Result "1/2-1/2"]
[WhiteElo "1883"]
[BlackElo "1946"]
[PlyCount "104"]
[GameId "2160767910273336"]
[EventDate "2009.01.08"]
[EventType "k.o."]
[EventRounds "4"]
[EventCountry "CAN"]

1. a3 c5 2. Nf3 g6 3. d4 cxd4 4. Nxd4 Bg7 5. b3 Qb6 6. Bb2 Nc6 7. e3 Nf6 8. Be2 O-O 9. O-O d6 10. c4 Bd7 11. Nd2 Rac8 12. Rc1 Ne8 13. Nxc6 Bxc6 14. Bxg7 Nxg7 15. b4 f5 16. Qb3 Kh8 17. c5 dxc5 18. Rxc5 Bd7 19. Rfc1 Rxc5 20. Rxc5 Qf6 21. Qc3 Qxc3 22. Rxc3 Rc8 23. Rxc8+ Bxc8 24. Nf3 Ne6 25. Bc4 Kg7 26. Kf1 Kf6 27. Ke2 Nc7 28. b5 e5 29. Kd2 Be6 30. Bxe6 Nxe6 31. Kc3 Nc5 32. Nd2 Ke6 33. Kc4 b6 34. f3 g5 35. g3 h5 36. f4 exf4 37. exf4 gxf4 38. gxf4 Kd6 39. Nf3 Ne6 40. Nh4 Nxf4 41. Nxf5+ Ke5 42. Nd4 Ng6 43. Nc6+ Kf4 44. Nxa7 Ne7 45. Nc6 Nc8 46. Nd4 Kg4 47. Kd5 Kh3 48. Kc6 Kxh2 49. Nf5 Kh3 50. Kc7 Kg4 51. Ne3+ Kf3 52. Nf5 Kg4 1/2-1/2

[Event "Edmonton ch"]
[Site "Edmonton CAN"]
[Date "2009.01.08"]
[Round "1.1"]
[White "Pechenkin, Vladimir"]
[Black "Seehagen, Terry"]
[Result "0-1"]
[WhiteElo "2310"]
[BlackElo "1700"]
[PlyCount "79"]
[GameId "2160767910273337"]
[EventDate "2009.01.08"]
[EventType "k.o."]
[EventRounds "4"]
[EventCountry "CAN"]

1. f4 b5 2. e4 Bb7 3. d3 e6 4. Nf3 Nf6 5. Be2 Bc5 6. e5 Nd5 7. d4 Bb6 8. Bxb5 c5 9. c3 cxd4 10. cxd4 Nc6 11. O-O O-O 12. Kh1 Nce7 13. Nc3 f5 14. Nxd5 Nxd5 15. Qa4 Rf7 16. Bd2 a6 17. Be2 Nc7 18. Ng5 Re7 19. Bb4 Re8 20. Bc5 Bxc5 21. dxc5 Bc6 22. Qa3 Nd5 23. Qg3 Qa5 24. Bh5 Re7 25. Qf2 Rb8 26. a3 Rb3 27. Bd1 Rb5 28. Rc1 Re8 29. Rc4 Rxb2 30. Qxb2 Ne3 31. Rb4 Nxf1 32. Rb8 Rf8 33. Rxf8+ Kxf8 34. Qb8+ Ke7 35. Nxh7 Bxg2+ 36. Kg1 Qxc5+ 37. Kxg2 Qd5+ 38. Bf3 Qd2+ 39. Kxf1 Qd3+ 40. Kg2 0-1

[Event "Edmonton ch"]
[Site "Edmonton CAN"]
[Date "2009.01.08"]
[Round "1.1"]
[White "Razzaq, Ali"]
[Black "Pedersen, Rick"]
[Result "0-1"]
[WhiteElo "1851"]
[BlackElo "1928"]
[PlyCount "152"]
[GameId "2160767910273338"]
[EventDate "2009.01.08"]
[EventType "k.o."]
[EventRounds "4"]
[EventCountry "CAN"]

1. d4 Nf6 2. c4 g6 3. Nc3 Bg7 4. e4 d6 5. Nf3 O-O 6. Be2 e5 7. O-O Nc6 8. d5 Ne7 9. Re1 Ne8 10. b4 f5 11. Ng5 Nf6 12. f3 a5 13. b5 b6 14. Qb3 h6 15. Ne6 Bxe6 16. dxe6 fxe4 17. fxe4 Kh7 18. Bd1 Rc8 19. Nd5 Qe8 20. Qh3 Neg8 21. a4 Qd8 22. g4 c6 23. g5 cxd5 24. gxf6 Qxf6 25. Rf1 Qxf1+ 26. Qxf1 Rxf1+ 27. Kxf1 dxc4 28. Be3 Bf6 29. Bxb6 Bd8 30. Ba7 Rc7 31. b6 Rb7 32. Rb1 Ne7 33. Be2 Nc8 34. Bxc4 Nxa7 35. Bd5 Re7 36. b7 Bc7 37. b8=Q Bxb8 38. Rxb8 Kg7 39. Rd8 Kf6 40. Rxd6 Nc8 41. Rd8 Nb6 42. Rf8+ Kg7 43. Rb8 Nxa4 44. Ra8 Nc5 45. Rxa5 Nxe6 46. Ra6 Nd4 47. Rb6 Rc7 48. Rb7 Rxb7 49. Bxb7 Kf6 50. Kf2 Kg5 51. Kg3 h5 52. h4+ Kf6 53. Ba6 Ne6 54. Be2 Nd4 55. Bd1 Ne6 56. Be2 Nf4 57. Ba6 g5 58. Bb5 g4 59. Ba6 Ke6 60. Bb5 Kd6 61. Bc4 Kc5 62. Bg8 Kd4 63. Bh7 Ke3 64. Bf5 Ne2+ 65. Kg2 Kf4 66. Bg6 Ng3 67. Kh2 Nxe4 68. Bxh5 Nf6 69. Bg6 e4 70. Kg2 e3 71. Bd3 Nh5 72. Bb5 Ng3 73. Bc4 Ne4 74. Bd3 Nc3 75. Bc4 e2 76. Kf2 g3+ 0-1

[Event "Edmonton ch"]
[Site "Edmonton CAN"]
[Date "2009.01.08"]
[Round "1.1"]
[White "Wihnon, Jason"]
[Black "Gardner, Robert"]
[Result "0-1"]
[WhiteElo "1734"]
[BlackElo "2254"]
[PlyCount "94"]
[GameId "2160767910273341"]
[EventDate "2009.01.08"]
[EventType "k.o."]
[EventRounds "4"]
[EventCountry "CAN"]

1. e4 d6 2. d4 Nf6 3. Nc3 g6 4. Nf3 Bg7 5. Be2 O-O 6. O-O c6 7. h3 Qc7 8. Be3 Nbd7 9. Qd2 b5 10. Bd3 Re8 11. Bh6 Bh8 12. Rfe1 e5 13. dxe5 Nxe5 14. Nxe5 dxe5 15. Ne2 Bb7 16. Ng3 Rad8 17. Qe3 a6 18. Rad1 c5 19. c3 Rd7 20. Bc2 Red8 21. Rxd7 Rxd7 22. f3 Ne8 23. a4 Nd6 24. Rd1 f6 25. Qd2 Bc6 26. axb5 axb5 27. Qc1 Nf7 28. Be3 c4 29. Rxd7 Qxd7 30. Qa1 Bg7 31. Qd1 Qc7 32. Qa1 Nd6 33. Ne2 f5 34. Qa6 fxe4 35. fxe4 Nxe4 36. Bxe4 Bxe4 37. Qxb5 h6 38. Bb6 Qf7 39. Be3 Bd3 40. Ng3 h5 41. Qc6 e4 42. Nxe4 Qf1+ 43. Kh2 Be5+ 44. Ng3 Bxg3+ 45. Kxg3 Qe1+ 46. Bf2 Qe5+ 47. Kf3 Be2# 0-1

[Event "Edmonton ch"]
[Site "Edmonton CAN"]
[Date "2009.01.08"]
[Round "1.1"]
[White "Yamach, Ahmet"]
[Black "Sequillion, Aaron"]
[Result "0-1"]
[WhiteElo "1915"]
[BlackElo "1907"]
[PlyCount "112"]
[GameId "2160767910273342"]
[EventDate "2009.01.08"]
[EventType "k.o."]
[EventRounds "4"]
[EventCountry "CAN"]

1. c4 Nf6 2. d4 g6 3. Nc3 Bg7 4. e4 d6 5. f3 O-O 6. Be3 e5 7. d5 c6 8. Bd3 Nh5 9. Nge2 f5 10. O-O f4 11. Bf2 Na6 12. dxc6 bxc6 13. b3 Kh8 14. Bc2 Rg8 15. Qd2 Qf6 16. Rad1 Bf8 17. Kh1 Be7 18. Bb1 Be6 19. Rg1 g5 20. Nd4 Ng3+ 21. Bxg3 exd4 22. Nd5 cxd5 23. exd5 fxg3 24. dxe6 gxh2 25. Rge1 Rad8 26. Qxd4 Qxd4 27. Rxd4 Rge8 28. Bf5 Bf6 29. Rdd1 Be5 30. g4 Kg7 31. Kg2 h6 32. Re2 Kf6 33. Rd5 Nc5 34. Red2 Nxe6 35. Bxe6 Kxe6 36. b4 Rc8 37. c5 dxc5 38. bxc5 Rc7 39. Rxe5+ Kxe5 40. Re2+ Kf6 41. Rxe8 Rxc5 42. Re2 Rc3 43. Rf2 Ke5 44. Kxh2 Kf4 45. Kg2 a5 46. a4 Ra3 47. Rc2 Rxa4 48. Re2 Rb4 49. Ra2 a4 50. Kf2 Ke5 51. Kg3 Kd4 52. Ra3 Kc5 53. Re3 Rb3 54. Re6 Rb6 55. Re1 a3 56. Rc1+ Kd4 0-1

[Event "Edmonton ch"]
[Site "Edmonton CAN"]
[Date "2009.01.15"]
[Round "1.2"]
[White "Gardner, Robert"]
[Black "Wihnon, Jason"]
[Result "1-0"]
[WhiteElo "2254"]
[BlackElo "1734"]
[PlyCount "89"]
[GameId "2160767910273344"]
[EventDate "2009.01.08"]
[EventType "k.o."]
[EventRounds "4"]
[EventCountry "CAN"]

1. d4 Nf6 2. c4 e6 3. Nc3 Bb4 4. f3 d5 5. a3 Bxc3+ 6. bxc3 dxc4 7. Qa4+ Nc6 8. Qxc4 e5 9. e3 exd4 10. cxd4 Be6 11. Qb5 O-O 12. Bd3 Nxd4 13. exd4 Qxd4 14. Bb2 Qe3+ 15. Be2 Rad8 16. Qe5 Qd2+ 17. Kf2 Bd5 18. Qc3 Qf4 19. Nh3 Qh4+ 20. Kf1 Rfe8 21. Qe1 Qa4 22. Bxf6 gxf6 23. Qg3+ Kf8 24. Qf4 Qc2 25. Qh6+ Kg8 26. Nf4 Rxe2 27. Nxe2 Bc4 28. Re1 Re8 29. h4 Rxe2 30. Rxe2 Qxe2+ 31. Kg1 Bd3 32. Rh3 Qe5 33. f4 Qe1+ 34. Kh2 Bg6 35. Rg3 f5 36. h5 c5 37. hxg6 fxg6 38. Qh4 Qe4 39. Rh3 h5 40. Qg5 Kf7 41. Rg3 Qe6 42. Qh6 Qf6 43. Re3 Qd6 44. Re5 c4 45. Rxf5+ 1-0

[Event "Edmonton ch"]
[Site "Edmonton CAN"]
[Date "2009.01.15"]
[Round "1.2"]
[White "Regimbald, Adrien"]
[Black "Lynn, Jim"]
[Result "1-0"]
[WhiteElo "1946"]
[BlackElo "1883"]
[PlyCount "79"]
[GameId "2160767910273347"]
[EventDate "2009.01.08"]
[EventType "k.o."]
[EventRounds "4"]
[EventCountry "CAN"]

1. c4 Nf6 2. Nc3 d5 3. cxd5 Nxd5 4. g3 b6 5. Bg2 Bb7 6. Qa4+ Bc6 7. Qc4 e6 8. Nf3 Nxc3 9. Qxc3 Qf6 10. d4 Bd6 11. Bg5 Qf5 12. O-O O-O 13. Rac1 a5 14. a3 Ra7 15. Bd2 Be4 16. Nh4 Qd5 17. f3 Bg6 18. e4 Qb7 19. Be3 Nd7 20. Nxg6 hxg6 21. f4 Be7 22. f5 c5 23. fxg6 fxg6 24. Qb3 Rxf1+ 25. Rxf1 Nf8 26. d5 exd5 27. exd5 Bd6 28. Bf4 Qc7 29. Qa4 Bxf4 30. Rxf4 Qd6 31. Qe8 Qe7 32. Qc8 Rd7 33. Rxf8+ Qxf8 34. Qxd7 Kh7 35. Qh3+ Kg8 36. Qe6+ Kh8 37. d6 c4 38. d7 Qc5+ 39. Kh1 Qd4 40. Qe8+ 1-0

[Event "Edmonton ch"]
[Site "Edmonton CAN"]
[Date "2009.01.15"]
[Round "1.2"]
[White "Seehagen, Terry"]
[Black "Pechenkin, Vladimir"]
[Result "0-1"]
[WhiteElo "1700"]
[BlackElo "2310"]
[PlyCount "66"]
[GameId "2160767910273348"]
[EventDate "2009.01.08"]
[EventType "k.o."]
[EventRounds "4"]
[EventCountry "CAN"]

1. e4 d5 2. exd5 Nf6 3. d4 Nxd5 4. c4 Nb6 5. Nf3 g6 6. Nc3 Bg7 7. h3 O-O 8. Bf4 Nc6 9. Nb5 e5 10. dxe5 Qe7 11. c5 Nd7 12. Be2 Ndxe5 13. Nxe5 Bxe5 14. Bxe5 Qxe5 15. O-O a6 16. Nc3 Qxc5 17. Rc1 Be6 18. Bf3 Rad8 19. Qa4 Rd4 20. Qc2 Bf5 21. Qb3 Na5 22. Qa3 Qxa3 23. bxa3 c6 24. Rfe1 Rfd8 25. Re5 Nc4 26. Re7 R4d7 27. Rxd7 Rxd7 28. g4 Be6 29. Ne4 Re7 30. a4 Kg7 31. Be2 Bd5 32. f3 Bxe4 33. Rxc4 Bb1 0-1

[Event "Edmonton ch"]
[Site "Edmonton CAN"]
[Date "2009.01.15"]
[Round "1.2"]
[White "Sequillion, Aaron"]
[Black "Yamach, Ahmet"]
[Result "1-0"]
[WhiteElo "1907"]
[BlackElo "1915"]
[PlyCount "55"]
[GameId "2160767910273349"]
[EventDate "2009.01.08"]
[EventType "k.o."]
[EventRounds "4"]
[EventCountry "CAN"]

1. e4 g6 2. d4 Bg7 3. Nf3 e6 4. Nc3 d6 5. Be3 Ne7 6. Qd2 h6 7. Be2 c6 8. a4 a5 9. O-O d5 10. e5 Nf5 11. Ne1 Nxe3 12. fxe3 O-O 13. e4 Na6 14. Bxa6 Rxa6 15. exd5 exd5 16. Nd3 Ra8 17. Rae1 Qb6 18. Nc5 Be6 19. Ne2 Bxe5 20. Nxe6 fxe6 21. Qxh6 Bxd4+ 22. Kh1 Bg7 23. Qxg6 e5 24. Ng3 Qc7 25. Nf5 Rac8 26. Nh6+ Kh8 27. Nf7+ Kg8 28. Ng5 1-0

[Event "Edmonton ch"]
[Site "Edmonton CAN"]
[Date "2009.01.22"]
[Round "2.1"]
[White "Hughey, Micah"]
[Black "Pedersen, Rick"]
[Result "1/2-1/2"]
[WhiteElo "2152"]
[BlackElo "1928"]
[PlyCount "69"]
[GameId "2160767910273351"]
[EventDate "2009.01.08"]
[EventType "k.o."]
[EventRounds "4"]
[EventCountry "CAN"]

1. e4 g6 2. d4 Bg7 3. Nc3 d6 4. Bc4 Nf6 5. Qe2 Nc6 6. e5 dxe5 7. dxe5 Nd7 8. e6 fxe6 9. Nf3 Nde5 10. Nxe5 Nxe5 11. Bh6 Bf6 12. Rd1 Bd7 13. Bxe6 Qc8 14. Bxd7+ Nxd7 15. Ne4 Kf7 16. Qf3 Ne5 17. Ng5+ Ke8 18. Qb3 Bxg5 19. Bxg5 Nf7 20. Bf4 Rf8 21. O-O Nd6 22. Be5 Qd7 23. Rfe1 Rd8 24. Bxd6 cxd6 25. Re6 Qc6 26. Rde1 Rf7 27. Qe3 Rd7 28. Qxa7 Qc5 29. Qxc5 dxc5 30. f3 Rf5 31. Kf2 Rfd5 32. a4 Kf7 33. b3 c4 34. bxc4 Ra5 35. R6e4 1/2-1/2